000 01376nam a2200241 a 4500
005 20260322212042.0
008 data
099 _aDVD WB 541 P475
245 0 0 _aPeripheral artery disease :
_bstaying on your feet /
_cedited by Leisa Fisicaro & Films for the Humanities & Sciences (Firm).
246 _aStaying on your feet; Healthy body, healthy mind (Television program)
260 _aPrinceton, NJ :
_bFilms for the Humanities & Sciences,
_c2004.
300 _aVideorecording : Videodisc 1 videodisc (28 min.) : sd., col. ;
_b4 3/4 in.
500 _aTitle from disc label./ Originally broadcast as a segment of: Healthy body, healthy mind.
520 3 _a"Peripheral Arterial Disease or PAD is an often misdiagnosed vascular disease which causes leg pain due to poor circulation, sometimes resulting in years of discomfort for many patients. This program raises awareness of PAD and simple diagnostic testing. If detected in the early stages, patients can be treated successfully and once again, live their lives pain free"--Information Television Network webpage (http://www.itvisus.com/
650 2 _aPeripheral Vascular Diseases
650 0 _aPeripheral circulation.
650 2 _aBlood Vessels
_xdiseases
650 2 _aVeins
_xdiseases
650 2 _aAtherosclerosis
700 1 _aFisicaro, Leisa.
710 2 _aFilms for the Humanities & Sciences (Firm)
001 data
999 _c998
_d998